Database Management (Record no. 7010)

MARC details
000 -LEADER
fixed length control field 00388nam a2200169Ia 4500
008 - FIXED-LENGTH DATA ELEMENTS--GENERAL INFORMATION
fixed length control field 230524s9999 xx 000 0 und d
020 ## - INTERNATIONAL STANDARD BOOK NUMBER
ISBN 0070664560
082 ## - DEWEY DECIMAL CLASSIFICATION NUMBER
Classification number 5.133
Item number EVE
100 ## - MAIN ENTRY--AUTHOR NAME
Personal name G.C.Everest
245 #0 - TITLE STATEMENT
Title Database Management
250 ## - EDITION STATEMENT
Edition statement *
260 ## - PUBLICATION, DISTRIBUTION, ETC. (IMPRINT)
Place of publication NEW DELHI
Name of publisher PHI
Year of publication 1986
300 ## - PHYSICAL DESCRIPTION
Number of Pages XVI;816
500 ## - GENERAL NOTE
General note Quantity Number: 1
650 ## - SUBJECT ADDED ENTRY--TOPICAL TERM
Topical Term Comp-Sc
942 ## - ADDED ENTRY ELEMENTS (KOHA)
Koha item type Books
Holdings
Lost status Damaged status Permanent Location Current Location Shelving location Date acquired Full call number Accession Number Koha item type
    Central Library, Trident Academy of Technology Central Library, Trident Academy of Technology General Stacks 05/24/2023 005.133 EVE 4305 Books
Trident Academy of Technology © 2023.
All rights reserved.                                                                                                                                                                                                        Designed by Team of Central Library .

Powered by Koha